| 000 | 01303nab a2200205 i 4500 | ||
|---|---|---|---|
| 001 | 768714001 | ||
| 003 | CO-MdFUSB | ||
| 005 | 20240506095014.0 | ||
| 008 | 240430t1965 sp ||||| |||| 00| 0 spa d | ||
| 040 |
_bspa _cCO-MdFUSB _dCO-MdFUSB |
||
| 041 | _aspa | ||
| 100 |
_aWillems, Bert, _eautor |
||
| 245 | 3 |
_aLa necesidad de la iglesia para la salvación _c/ Bert Willems |
|
| 520 | _aMuchos escritos desde un punto de vista ecuménico, se reconoce a la iglesia como necesaria para la salvación, por tanto surge la cuestión si los cristianos no católicos son parte de la iglesia y, de ser así, cómo. Por otra parte, como se busca una unidad, se obliga a la comunidad cristiana a cuestionar su papel en la sociedad, y los mismos factores que contribuyeron a la necesidad de la iglesia se hicieron más prominentes. Esto ha llevado a una mayor atención hacia los desafíos que enfrentan las personas que, siendo parte de la cultura cristiana, rechazan su pretensión de exclusividad. | ||
| 650 | 7 |
_aIglesia _9655 |
|
| 650 | 0 |
_aSalvación _xCristianismo _91209 |
|
| 773 | 0 |
_049450 _982560 _oR2491 _tRevista internacional de teología Concilium _w(CO-MdFUSB)8 _x0210-1041 _gNúmero 1, (enero, 1965), páginas: 114 - 127 _qpágina: 114 |
|
| 942 | _cANA | ||
| 945 | _aCatherine Arias Álvarez practicante SENA | ||
| 999 |
_c69444 _d69444 |
||